Learning development : (Record no. 150974)

MARC details
000 -LEADER
fixed length control field 00766nam a2200241 a 4500
008 - FIXED-LENGTH DATA ELEMENTS--GENERAL INFORMATION
fixed length control field
020 ## - INTERNATIONAL STANDARD BOOK NUMBER
International Standard Book Number 1873667728 (pbk.)
049 ## - LOCAL HOLDINGS (OCLC)
Holding library MAIN
090 ## - LOCALLY ASSIGNED LC-TYPE CALL NUMBER (OCLC); LOCAL CALL NUMBER (RLIN)
Classification number (OCLC) (R) ; Classification number, CALL (RLIN) (NR) Z716.4 MAT
003 - CONTROL NUMBER IDENTIFIER
control field
005 - DATE AND TIME OF LATEST TRANSACTION
control field 20230123133556.0
040 ## - CATALOGING SOURCE
Transcribing agency NUST
100 ## - MAIN ENTRY--PERSONAL NAME
Personal name Matarasso, Francois.
245 ## - TITLE STATEMENT
Title Learning development :
Remainder of title an introduction to the social impact of public libraries /
-- Francois Matarasso
260 ## - PUBLICATION, DISTRIBUTION, ETC.
Place of publication, distribution, etc. West Yorkshire :
Name of publisher, distributor, etc. British Library Research and innovation Centre,
Date of publication, distribution, etc. 1998
300 ## - PHYSICAL DESCRIPTION
Extent viii, 54 p. ;
Dimensions 21 cm.
440 ## - SERIES STATEMENT/ADDED ENTRY--TITLE
Title Comedia
504 ## - BIBLIOGRAPHY, ETC. NOTE
Bibliography, etc. note Includes bibliographical references.
500 ## - GENERAL NOTE
General note Includes index.
650 ## - SUBJECT ADDED ENTRY--TOPICAL TERM
Topical term or geographic name entry element Public libraries.
907 ## - LOCAL DATA ELEMENT G, LDG (RLIN)
a .b10096498
b 07-02-07
c 25-11-03
942 ## - ADDED ENTRY ELEMENTS (KOHA)
Koha item type Ordinary Loan Books
Call number prefix Z716.4 MAT
Holdings
Date last seen Total Checkouts Full call number Barcode Cost, replacement price Price effective from Koha item type Lost status Source of classification or shelving scheme Damaged status Not for loan Collection Withdrawn status Home library Current library Shelving location Date acquired Cost, normal purchase price
01/23/2023 21 Z716.4 MAT 92003020088 80.00 01/23/2023 BOOKS   LCC     NFIC   MAIN MAIN GEN 01/23/2023 80.00